000 00606cam a2200217ua 4500
001 862
008 110421n ii |||gr||||Z||||||asm
040 _cMAIN
082 _a320.3
245 1 _aTulonamulok sarkar bebyosta
_cby Mrigendra Narayan Das
250 _a1st.
260 _aDibrugarh:
_bStudents amporium,992.
300 _a120p.:
_c25cm.
653 _aPolitical science
653 _aTulonamulok sarkar
653 _aComparative government system
700 _a Das, Mrigendra Narayan.,
_eAuthor.
700 _aLahon, Thaneswar.,
_eAuthor.
700 _aSahu, Nandakumar.,
_eAuthor.
942 _cBK
999 _c785
_d785